Most Republican and Democrat US States in the 1860 Election - Statistics

General Stats
  • This quiz has been taken 94 times
  • The average score is 12 of 15
Answer Stats
Answer % Correct
Republican (Abraham Lincoln) 62.2 Maine
94%
Republican (Abraham Lincoln) 75.86% Vermont
93%
Northern Democrat (Stephen Douglas) 42.3 Ohio
90%
Northern Democrat (Stephen Douglas) 47.2% Illinois
87%
Southern Democrat (John C. Breckinridge) 75.47% Texas
87%
Southern Democrat (John C. Breckinridge) 54 Alabama
86%
Northern Democrat (Stephen Douglas) 42.4 Indiana
86%
Republican (Abraham Lincoln) 62.9 Massachusetts
86%
Southern Democrat (John C. Breckinridge) 62.2 Florida
85%
Southern Democrat (John C. Breckinridge) 59 Mississippi
85%
Republican (Abraham Lincoln) 61.4 Rhode Island
85%
Northern Democrat (Stephen Douglas) 43.2 Iowa
73%
Southern Democrat (John C. Breckinridge) 53.1 Arkansas
70%
Republican (Abraham Lincoln) 63.4 Minnesota
70%
Northern Democrat (Stephen Douglas) 42.73 Wisconsin
65%
No matching quizzes found
Score Distribution
Percent of People with Each Score
Percentile by Number Answered
Your Score History
You have not taken this quiz